| 000 | 01239cam a22003737a 4500 | ||
|---|---|---|---|
| 003 | CHAP | ||
| 005 | 20220817044415.0 | ||
| 008 | 101206s2009 it a rn 00010 spa d | ||
| 010 | _a100066 | ||
| 011 | _a101038 | ||
| 020 | _a9789253061624 | ||
| 035 | _a111724 | ||
| 040 | _cCHAP | ||
| 082 | 0 | 4 |
_a338.174772 _bF3 v.4 |
| 110 | 2 | _aFAO | |
| 245 | 1 | 3 |
_aLa certificación en la cadena de valor de las frutas frescas : _bel ejemplo de la industria del banano _c/por Pascal Liu |
| 260 |
_aRoma : _bFAO, _c2009 |
||
| 300 |
_ax, 110 p. : _bgráfs, tablas |
||
| 490 | 0 |
_aEstudios FAO de productos básicos _v; 4 |
|
| 590 |
_aBATCH-UPD _b10 _c20130110 _lUCH01 _h1054 |
||
| 590 |
_aBATCH-UPD _b10 _c20130410 _lUCH01 _h0650 |
||
| 590 |
_aBATCH-UPD _b10 _c20130914 _lUCH01 _h0818 |
||
| 590 |
_aCONVERSION _b10 _c20130109 _lUCH01 _h1355 |
||
| 650 | 1 | 4 |
_aCalidad _xControl de la. _917484 |
| 650 | 1 | 4 |
_aComercio internacional. _925641 |
| 650 | 1 | 4 |
_aFruta. _943590 |
| 650 | 1 | 4 |
_aMercados. _974925 |
| 650 | 1 | 4 |
_aPlátano. _989202 |
| 700 | 1 |
_aLiu, Pascal _967191 |
|
| 830 | 0 | 0 |
_aEstudios FAO de productos básicos _v; 4 _938542 |
| 901 | _aBK | ||
| 942 | _cLIBRO | ||
| 949 |
_a338.174772 F3 v.4 _bBC _cFAO _d33724002161231 _eFAO1 _gDonaciØn _h113873 _i111724 _sb |
||
| 999 |
_c100066 _d100066 |
||